BTS solo songs - Statistics

General Stats
  • This quiz has been taken 80 times
  • The average score is 43 of 124
Answer Stats
Album Answer % Correct
Golden Seven (clean ver.)
88%
Golden Seven (explicit ver.)
88%
Golden Standing Next To You
82%
Golden 3D
79%
Agust D Agust D
76%
Jack In The Box Arson
74%
Muse Who
74%
D-Day Haegeum
71%
Face Like Crazy
71%
Face Like Crazy (english ver.)
71%
Jack In The Box MORE
71%
Layover Blue
68%
D-2 Interlude : Set Me Free
65%
Indigo Wild Flower
65%
D-2 Daechwita
62%
Golden Hate You
62%
Golden Shot Glass Of Tears
62%
Layover Slow Dancing
62%
Layover Slow Dancing (piano ver.)
62%
Golden Yes or No
62%
D-Day AMYGDALA
56%
Indigo Closer
56%
Layover Love Me Again
56%
mono. seoul
53%
Face Set Me Free Pt.2
53%
Golden Somebody
53%
Hope World Hope World
50%
Hope on the street vol.1 on the street (solo version)
50%
D-2 People
50%
Layover Rainy Days
50%
Hope World Daydream
47%
Echo Don't Say You Love Me
47%
Face Face-off
47%
Golden Too Sad To Dance
47%
Happy I'll Be There
44%
Right Place, Wrong Person ? (interlude)
44%
Hope on the street vol.1 NEURON
44%
Golden Please Don't Change
44%
D-Day People Pt.2
41%
Face Alone
38%
D-Day D-Day
38%
Layover For Us
38%
Hope on the street vol.1 i don't know
38%
Muse Slow Dance
38%
mono. tokyo
38%
Agust D Tony Montana
38%
Echo Background
35%
Muse Be Mine
35%
D-2 Burn It
35%
Golden Closer To You
35%
Jack In The Box = (Equal Sign)
35%
Happy Heart on the Window
35%
D-Day HUH?!
35%
Hope on the street vol.1 i wonder...
35%
D-Day Life Goes On
35%
Hope on the street vol.1 lock / unlock
35%
mono. moonchild
35%
Jack In The Box Pandora's Box
35%
Muse Smeraldo Garden Marching Band
35%
Jack In The Box What If...
35%
Hope World Blue Side (Outro)
32%
Echo Loser
32%
D-Day Snooze
32%
Indigo Still Life
32%
Hope on the street vol.1 what if... (dance mix)
32%
D-2 28
29%
Muse Closer Than This
29%
Happy Falling
29%
Jack In The Box Intro
29%
Hope World P.O.P (Piece Of Peace)
29%
Happy Running Wild
29%
Right Place, Wrong Person Come back to me
26%
D-2 Honsool
26%
D-2 Moonlight
26%
Echo Rope It
26%
D-Day SDL
26%
Agust D The Last
26%
Echo To Me, Today
26%
Happy Another Level
24%
D-2 Dear my friend
24%
Jack In The Box Future
24%
Agust D give it to me
24%
Jack In The Box Safety Zone
24%
Agust D so far away
24%
Jack In The Box STOP
24%
D-2 Strange
24%
D-2 What do you think ?
24%
Hope World Base Line
21%
Hope World HANGSANG
21%
D-Day Polar Night
21%
Agust D skit
21%
mono. forever rain
18%
Face Interlude : Dive
18%
Muse Interlude : Showtime
18%
Happy I will come to you
18%
Indigo Lonely
18%
Jack In The Box Music Box : Reflection
18%
Echo Nothing Without Your Love
18%
Right Place, Wrong Person Nuts
18%
Indigo All Day
15%
Muse Rebirth (intro)
15%
Echo With The Clouds
15%
Right Place, Wrong Person Heaven
12%
D-Day Interlude : Dawn
12%
Agust D Interlude : Dream, Reality
12%
Right Place, Wrong Person LOST!
12%
mono. uhgood
12%
Indigo Yun
12%
Agust D 724148
9%
Hope World Airplaine
9%
Indigo Change Pt.2
9%
Indigo Hectic
9%
Agust D Intro : DT sugA
9%
Indigo No.2
9%
Agust D 140503 at dawn
6%
Right Place, Wrong Person Around the world in a day
6%
mono. badbye
6%
mono. everythingoes
6%
Right Place, Wrong Person Groin
6%
Right Place, Wrong Person Right People, Wrong Place
6%
Right Place, Wrong Person ㅠㅠ (Credit Roll)
3%
Right Place, Wrong Person Domodachi
3%
Indigo Forg_tful
3%
Right Place, Wrong Person out of love
3%
No matching quizzes found
Score Distribution
Percent of People with Each Score
Percentile by Number Answered
Your Score History
You have not taken this quiz